|
|
|
|
| LEADER |
00000cam a2200000 7i4500 |
| 001 |
0000014281 |
| 005 |
20080226.0 |
| 008 |
080226 |
| 020 |
|
|
|a 9832179211
|
| 090 |
0 |
0 |
|a 158.1
|b RAH
|
| 245 |
1 |
0 |
|a Rahsia menjana kekayaan dengan keajaiban diri
|c penyusun Mohd. Najib, Nur Fayizah
|
| 260 |
|
|
|a Kuala Lumpur :
|b Berlian Publications ,
|c 2002
|
| 650 |
|
0 |
|a Motivation (Psychology)
|
| 650 |
|
0 |
|a Success
|
| 700 |
0 |
|
|a Mohd. Najib
|
| 700 |
0 |
|
|a Nur Fayizah
|
| 999 |
|
|
|a 0001007528
|b Book
|c Adult Collection
|e Perbadanan Perpustakaan Awam Johor
|
| 999 |
|
|
|a 0001007530
|b Book
|c Adult Collection
|e Perbadanan Perpustakaan Awam Johor
|